| 000 | 00430nam a22001817a 4500 | ||
|---|---|---|---|
| 999 |
_c11705 _d11705 |
||
| 003 | OSt | ||
| 008 | 230116b ||||| |||| 00| 0 eng d | ||
| 020 | _a9789389520378 | ||
| 082 | _a334.54 THI | ||
| 100 | _aTHOTHADRI,S | ||
| 245 | _aIndustrial and Labour Laws | ||
| 250 | _aEd | ||
| 260 |
_aNew Delhi _bwiley _c2019 |
||
| 300 | _a500 | ||
| 650 | _aIndustrial and Labour Laws | ||
| 700 | _aVIJAYALAKSHMI,M | ||
| 942 |
_2ddc _cREF |
||